00798nam a2200217 a 4500008004100000040001200041041000800053044000700061082002500068100003200093245012000125260004700245300003600292490003800328502008500366650002300451650003000474655004000504700002900544852000700573200220s2017 ii ad||| m|||a00| 0 eng d aKObeng0 aeng aii04223a378.242bPRM15051 aJacob, Feby SameResearcher10aSupply Chain Management Practices In Steel Industry with reference to Deetee Industry Ltd, Indore, Madhya Pradesh / aKochi :bIndian Maritime University,c2017 a85 p. :bill., charts ;c29 cm.0 aMBA Project 2016-17 ;v1505305005 aProject (MBA)–Indian Maritime University. School of Maritime Management, 2017. 0aBusiness logistics 0aStructural steel industry 72lcshaDissertations, Academicy20171 aP. A., JayancDr.eGuide aKO